[Event "SLO-ch U20"]
[Site "Smarjeske Toplice"]
[Date "2014.06.27"]
[Round "5"]
[White "Skuhala, Luka"]
[Black "Mejak, Severin"]
[Result "1/2-1/2"]
[WhiteElo "1883"]
[BlackElo "2180"]
[PlyCount "67"]
[EventDate "2014.06.24"]
[EventType "swiss"]
[EventRounds "9"]
[EventCountry "SLO"]
[SourceTitle "EXT 2019"]
[Source "ChessBase"]
[SourceDate "2018.10.10"]
[SourceVersion "1"]
[SourceVersionDate "2018.10.10"]
[SourceQuality "1"]

1. e4 e6 2. d4 d5 3. e5 c5 4. c3 Qb6 5. a3 Bd7 6. Nf3 Bb5 7. Bxb5+ Qxb5 8. Qe2 Qxe2+ 9. Kxe2 c4 10. b3 cxb3 11. Nbd2 Nd7 12. Nxb3 Rc8 13. Kd3 Nb6 14. a4 Nc4 15. Nbd2 Na5 16. Ba3 Bxa3 17. Rxa3 Ne7 18. Rc1 h6 19. c4 dxc4+ 20. Nxc4 Nxc4 21. Rxc4 Rxc4 22. Kxc4 Kd7 23. Rb3 b6 24. Nd2 Rc8+ 25. Kd3 Rc1 26. a5 bxa5 27. Rb7+ Rc7 28. Rb5 Nc6 29. Ne4 Ke7 30. Nc5 a6 31. Nxa6 Rd7 32. Nb8 Nxd4 33. Rxa5 Nc6+ 34. Nxd7 1/2-1/2

[Event "Wch U18"]
[Site "Al Ain"]
[Date "2013.12.23"]
[Round "8"]
[White "Mejak, Severin"]
[Black "Laurusas, Tomas"]
[Result "1-0"]
[WhiteElo "2104"]
[BlackElo "2431"]
[PlyCount "20"]
[EventDate "2013.12.18"]
[EventType "swiss"]
[EventRounds "11"]
[EventCountry "UAE"]
[SourceTitle "CBM 158 Extra"]
[Source "ChessBase"]
[SourceDate "2014.02.28"]
[SourceVersion "1"]
[SourceVersionDate "2014.02.28"]
[SourceQuality "1"]

1. d4 d5 2. c4 Nc6 3. Nf3 Bg4 4. Nc3 e6 5. cxd5 exd5 6. Bf4 Bxf3 7. gxf3 Bb4 8. e3 Nge7 9. a3 Bxc3+ 10. bxc3 0-0 1-0

[Event "Wch U18"]
[Site "Al Ain"]
[Date "2013.12.22"]
[Round "6"]
[White "Iyti, Basher"]
[Black "Mejak, Severin"]
[Result "0-1"]
[WhiteElo "2269"]
[BlackElo "2104"]
[PlyCount "66"]
[EventDate "2013.12.18"]
[EventType "swiss"]
[EventRounds "11"]
[EventCountry "UAE"]
[SourceTitle "CBM 158 Extra"]
[Source "ChessBase"]
[SourceDate "2014.02.28"]
[SourceVersion "1"]
[SourceVersionDate "2014.02.28"]
[SourceQuality "1"]

1. Nf3 Nf6 2. c4 c5 3. Nc3 g6 4. e3 Bg7 5. d4 cxd4 6. exd4 0-0 7. Be2 d5 8. 0-0 dxc4 9. Bxc4 Nc6 10. h3 a6 11. a3 b5 12. Ba2 Bb7 13. Bg5 Rc8 14. Rc1 Na5 15. Ne5 Nc4 16. Qe2 Qxd4 17. Nxc4 bxc4 18. Qxe7 Qb6 19. Qe3 Qc6 20. f3 Rfe8 21. Qf2 Bf8 22. Kh1 Bc5 23. Qh4 Nh5 24. Bb1 Qc7 25. f4 Re3 26. Kh2 Rce8 27. Rc2 Ng3 28. Rg1 Nf5 29. Qf2 Rxc3 30. Qxc5 Rxh3+ 31. Kxh3 Qxc5 32. Kh2 Ne3 33. Rc3 Ng4+ 0-1

[Event "SLO-chT"]
[Site "Slovenia"]
[Date "2013.12.14"]
[Round "8"]
[White "Mejak, Severin"]
[Black "Nerat, Ivan"]
[Result "1-0"]
[WhiteElo "2104"]
[BlackElo "2042"]
[PlyCount "83"]
[EventDate "2013.11.22"]
[EventType "team-tourn"]
[EventRounds "9"]
[EventCountry "SLO"]
[SourceTitle "EXT 2015"]
[Source "ChessBase"]
[SourceDate "2014.11.20"]
[SourceVersion "1"]
[SourceVersionDate "2014.11.20"]
[SourceQuality "1"]
[WhiteTeam "Novo Mesto Krka"]
[BlackTeam "Rokada Lendava"]
[WhiteTeamCountry "SLO"]
[BlackTeamCountry "SLO"]

1. d4 e6 2. c4 Nf6 3. Nc3 Bb4 4. e3 b6 5. Nf3 Bb7 6. Be2 0-0 7. 0-0 d5 8. Ne5 Nbd7 9. Nxd7 Qxd7 10. f3 Rfd8 11. Qb3 Bxc3 12. bxc3 Ba6 13. Re1 dxc4 14. Bxc4 Bxc4 15. Qxc4 Qd5 16. Qb3 c5 17. Rd1 Rac8 18. Bb2 cxd4 19. Rxd4 Qxb3 20. axb3 Rxd4 21. exd4 Rc7 22. c4 Kf8 23. Re1 b5 24. cxb5 Nd5 25. Ba3+ Ke8 26. Bc5 Nc3 27. f4 Kd7 28. f5 Nxb5 29. fxe6+ fxe6 30. Re3 g6 31. b4 Rb7 32. Kf2 Nc7 33. Rh3 Nd5 34. Rxh7+ Kc6 35. Rxb7 Kxb7 36. Kf3 Ka6 37. h4 Kb5 38. g4 Nxb4 39. Bxb4 Kxb4 40. h5 gxh5 41. gxh5 a5 42. h6 1-0